Big Bash League T20 Teams - Statistics

General Stats
  • This quiz has been taken 34 times
  • The average score is 8 of 8
Answer Stats
Team % Correct
Brisbane Heat
100%
Hobart Hurricanes
97%
Sydney Sixers
97%
Sydney Thunder
97%
Melbourne Renegades
94%
Melbourne Stars
94%
Adelaide Strikers
90%
Perth Scorchers
90%
No matching quizzes found
Score Distribution
Percent of People with Each Score
Percentile by Number Answered
Your Score History
You have not taken this quiz